<?xml version="1.0" encoding="UTF-8"?>
<record
    xmlns:xsi="http://www.w3.org/2001/XMLSchema-instance"
    xsi:schemaLocation="http://www.loc.gov/MARC21/slim http://www.loc.gov/standards/marcxml/schema/MARC21slim.xsd"
    xmlns="http://www.loc.gov/MARC21/slim">

  <leader>01130nam a2200253Ia 4500</leader>
  <controlfield tag="005">20231102151116.0</controlfield>
  <controlfield tag="008">120626s2006    mx            000 0 spa d</controlfield>
  <datafield tag="020" ind1=" " ind2=" ">
    <subfield code="a">9706370080</subfield>
  </datafield>
  <datafield tag="050" ind1="1" ind2="4">
    <subfield code="a">LB1028</subfield>
    <subfield code="b">C35 2006</subfield>
  </datafield>
  <datafield tag="100" ind1="1" ind2=" ">
    <subfield code="a">Camarena Ocampo, Eugenio</subfield>
    <subfield code="e">autor</subfield>
  </datafield>
  <datafield tag="245" ind1="1" ind2="0">
    <subfield code="a">Investigaci&#xF3;n y pedagog&#xED;a </subfield>
    <subfield code="b"> : Construcci&#xF3;n de una pr&#xE1;ctica acad&#xE9;mica en el Colegio de Pedagog&#xED;a </subfield>
    <subfield code="c"> / Eugenio Camarena Ocampo</subfield>
  </datafield>
  <datafield tag="250" ind1=" " ind2=" ">
    <subfield code="a">2a. edici&#xF3;n</subfield>
  </datafield>
  <datafield tag="260" ind1=" " ind2=" ">
    <subfield code="a">M&#xE9;xico </subfield>
    <subfield code="b"> : Gernika</subfield>
    <subfield code="c"> , 2006</subfield>
  </datafield>
  <datafield tag="300" ind1=" " ind2=" ">
    <subfield code="a">271 p&#xE1;ginas</subfield>
  </datafield>
  <datafield tag="336" ind1=" " ind2=" ">
    <subfield code="a">texto</subfield>
  </datafield>
  <datafield tag="337" ind1=" " ind2=" ">
    <subfield code="a">sin medio</subfield>
  </datafield>
  <datafield tag="338" ind1=" " ind2=" ">
    <subfield code="a">volumen</subfield>
  </datafield>
  <datafield tag="490" ind1=" " ind2=" ">
    <subfield code="a">Colecci&#xF3;n Ciencias Sociales, 33</subfield>
  </datafield>
  <datafield tag="504" ind1=" " ind2=" ">
    <subfield code="a">Incluye: Bibliograf&#xED;a (pp. 263-271)</subfield>
  </datafield>
  <datafield tag="505" ind1="2" ind2=" ">
    <subfield code="a">Relatos sobre una elecci&#xF3;n de profesi&#xF3;n: ser pedagogo
La investigaci&#xF3;n en el curr&#xED;culum de pedagog&#xED;a: vivencias de una formaci&#xF3;n
Investigaci&#xF3;n: funci&#xF3;n y espacio institucional
Investigaci&#xF3;n y sujeto: Significados de apropiaci&#xF3;n y referentes estructurales</subfield>
  </datafield>
  <datafield tag="519" ind1=" " ind2=" ">
    <subfield code="a">Plan Flexible / 
</subfield>
    <subfield code="b">Pedagog&#xED;a / </subfield>
    <subfield code="c">Metodolog&#xED;a de la Investigaci&#xF3;n II (M02-2) / </subfield>
    <subfield code="d">(17 000465)</subfield>
  </datafield>
  <datafield tag="650" ind1="1" ind2="4">
    <subfield code="a">PEDAGOG&#xCD;A</subfield>
    <subfield code="x">INVESTIGACI&#xD3;N</subfield>
  </datafield>
  <datafield tag="942" ind1=" " ind2=" ">
    <subfield code="2">lcc</subfield>
    <subfield code="c">LB</subfield>
  </datafield>
  <datafield tag="952" ind1=" " ind2=" ">
    <subfield code="0">0</subfield>
    <subfield code="1">0</subfield>
    <subfield code="2">lcc</subfield>
    <subfield code="4">0</subfield>
    <subfield code="7">0</subfield>
    <subfield code="a">22</subfield>
    <subfield code="b">22</subfield>
    <subfield code="d">2010-09-02</subfield>
    <subfield code="l">0</subfield>
    <subfield code="o">LB1028 C35 2006</subfield>
    <subfield code="p">17 000465</subfield>
    <subfield code="r">2018-11-13</subfield>
    <subfield code="t">1</subfield>
    <subfield code="w">2012-06-26</subfield>
    <subfield code="y">LB</subfield>
  </datafield>
  <datafield tag="999" ind1=" " ind2=" ">
    <subfield code="c">73281</subfield>
    <subfield code="d">73281</subfield>
  </datafield>
</record>
